Polacy z profesjonalnymi zwycieztwami w kolarstwie - Statystyki

Ogólne statystyki
  • Ten quiz został rozwiązany 13 razy
  • Średni wynik to 3 z 9
Statystyki odpowiedzi
Odpowiedź % Poprawnych
Michał Kwiatkowski
100%
Rafał Majka
92%
Katarzyna Niewiadoma
38%
Lech Piasecki
31%
Marta Lach
8%
Agnieszka Skalniak-Sójka
0%
Bogumiła Matusiak
0%
Jakub Mareczko
0%
Piotr Wadecki
0%
Nie znaleziono quizów pasujących do podanych kryteriów
Rozkład punktacji
Procent ludzi z każdym wynikiem
Percentyl według liczby udzielonych odpowiedzi
Twoja historia wyników
Nie rozwiązałeś tego quizu